广州市知识测验#1 Guangzhou city quiz #1 - Statistics

General Stats
  • This quiz has been taken 125 times
  • The average score is 12 of 19
Answer Stats
题目 答案 % Correct
广州所在省份 广东省
99%
流经广州的河流 珠江
98%
中国最高的电视塔 广州塔
95%
广州南部大型动物园与度假区 长隆旅游度假区
86%
广州市区北部的山 白云山
85%
本省及周边地区使用的方言 粤语
80%
广州市政府附近著名的步行街 北京路
72%
1866年出生于广州府的中国革命家 孙中山
70%
1924年此人在广州创的办军事学院 黄埔军校
68%
以殖民时期建筑而闻名的小岛 沙面
65%
1924 年此人在广州创办的大学 中山大学
62%
市中心的公园,有含五只山羊的花岗岩雕像 越秀公园
59%
清代修建的祠堂和书院 陈家祠
57%
位于省博物馆附近的主要广场 花城广场
46%
苏轼以其门口的六棵榕树命名的寺庙 六榕寺
43%
1911年此人在广州策划的起义 黄花岗起义
42%
广州南部的具有地方风格建筑的古镇 沙湾古镇
31%
广州南部的具有地方风格建筑的古典公园 宝墨园
14%
明火烤肉的烹饪形式 烧腊
11%
No matching quizzes found
Score Distribution
Percent of People with Each Score
Percentile by Number Answered
Your Score History
You have not taken this quiz